01598nam a2200277 a 450000100080000000500110000800800410001910000180006024501170007826000330019530000130022850001460024152007140038765000110110165000160111265000250112865000260115365000180117965300110119765300130120865300270122165300200124865300120126865300190128065300210129917441372019-06-27 2001 bl uuuu 0 #d1 aDAROLT, M. R. aAs dimensoes da sustentabilidadebum estudo da agricultura organica na regiao metropolitana de Curitiba, Parana. aCuritiba: PRONAF/IAPARc2001 a1 CD-ROM aTese apresentada a Universidade Federal do Parana/Universite Paris VII, para obtencao do titulo de Doutor em Meio Ambiente e Desenvolvimento. aTraz um estudo analítico da agricultura orgânica sob diferentes aspectos da sustentabilidade, avaliando aspectos socioculturais, técnico - agronômicos, econômicos, ecológicos e político - institucionais, relacionados a unidade de produção agrícola. As informações obtidas confirmam que a conversão para a agricultura orgânica proporcionou um impacto favorável nas diferentes dimensões da sustentabilidade. A medida que o sistema orgânico vai se consolidando, existe uma tendencia de equilibrio entre as diferentes dimensões, o que indica que a agricultura orgânica, que vem sendo praticada na Região Metropolitana de Curitiba, pode ser considerada como uma referência de sustentabilidade. aBrazil aenvironment aAgricultura Familiar aAgricultura Orgânica aMeio Ambiente aBrasil aCuritiba aOlericultura Orgânica aOrganic farming aParaná aSustainability aSustentabilidade